000 00328nam a22001337a 4500
008 171024b xxu||||| |||| 00| 0 eng d
020 _a9781412951500
041 _aeng
080 _23 ED
_a311
100 _a55
101 _aSTA
245 _aSTATISTICAL FOR PEOPLE WHO HATTE STATISTICS
_cSALKIND.N.J
942 _2udc
_cBK
999 _c35795
_d35795